|
|
|
|
| LEADER |
01604nam a2200409 a 4500 |
| 001 |
EBC932972 |
| 003 |
MiAaPQ |
| 005 |
20200520144314.0 |
| 006 |
m o d | |
| 007 |
cr cn||||||||| |
| 008 |
111208s2012 dcuab sb i000 0 eng d |
| 010 |
|
|
|z 2011048883
|
| 020 |
|
|
|z 9780821394717 (alk. paper)
|
| 020 |
|
|
|a 9780821394724 (electronic bk.)
|
| 035 |
|
|
|a (MiAaPQ)EBC932972
|
| 035 |
|
|
|a (Au-PeEL)EBL932972
|
| 035 |
|
|
|a (CaPaEBR)ebr10569002
|
| 035 |
|
|
|a (CaONFJC)MIL369333
|
| 035 |
|
|
|a (OCoLC)795120460
|
| 040 |
|
|
|a MiAaPQ
|c MiAaPQ
|d MiAaPQ
|
| 043 |
|
|
|a ac-----
|
| 050 |
|
4 |
|a HC420.3
|b .K36 2012
|
| 082 |
0 |
4 |
|a 382.0958
|2 23
|
| 100 |
1 |
|
|a Kaminski, Bartomiej,
|d 1944-
|
| 245 |
1 |
0 |
|a Borderless bazaars and regional integration in Central Asia
|h [electronic resource] :
|b emerging patterns of trade and cross-border cooperation /
|c Bartlomiej Kaminski and Saumya Mitra.
|
| 260 |
|
|
|a Washington, D.C. :
|b World Bank,
|c c2012.
|
| 300 |
|
|
|a xix, 188 p. :
|b ill., maps.
|
| 490 |
1 |
|
|a Directions in development. Trade
|
| 504 |
|
|
|a Includes bibliographical references.
|
| 533 |
|
|
|a Electronic reproduction. Ann Arbor, MI : ProQuest, 2015. Available via World Wide Web. Access may be limited to ProQuest affiliated libraries.
|
| 651 |
|
0 |
|a Asia, Central
|x Economic integration.
|
| 651 |
|
0 |
|a Asia, Central
|x Commerce.
|
| 655 |
|
4 |
|a Electronic books.
|
| 700 |
1 |
|
|a Mitra, Saumya,
|d 1951-
|
| 710 |
2 |
|
|a ProQuest (Firm)
|
| 830 |
|
0 |
|a Directions in development (Washington, D.C.).
|p Trade.
|
| 856 |
4 |
0 |
|u https://ebookcentral.proquest.com/lib/matrademy/detail.action?docID=932972
|z Click to View
|